| 000 | 01101nam a2200253 i 4500 | ||
|---|---|---|---|
| 001 | 136322 | ||
| 003 | ES-MaACL | ||
| 005 | 20250923160858.0 | ||
| 007 | t| | ||
| 008 | 070214s1975 sp |||| | spa d | ||
| 245 | 0 | 0 |
_aInstituto de España _b: sesión conmemorativa de su fundación. |
| 260 |
_aMadrid : _b[s. n.], _c1975. |
||
| 300 |
_a39 p. ; _c23 cm. |
||
| 505 | 8 |
_aContiene: ; _tResumen de las actividades de las RR. AA. durante el año 1974 / Antonio Rumeu de Armas ; _tBonilla, humanista del siglo XX / por el Sr. D. Angel Gónzalez Álvarez ; _tNarciso Alonso Cortés, maestro y escritor / Gerardo Diego Cendoya |
|
| 610 | 2 | 4 |
_aInstituto de España. _94873 |
| 700 | 1 |
_aRumeu de Armas, Antonio, _d1912-2006 _9100991 |
|
| 700 | 1 |
_aGonzález Álvarez, Ángel, _d1916-1991 _958414 |
|
| 700 | 1 |
_aDiego, Gerardo, _d1896-1987 _944545 |
|
| 740 | 0 | 2 | _aResumen de las actividades de las RR. AA. durante el año 1974. |
| 740 | 0 | 2 | _aBonilla, humanista del siglo XX. |
| 740 | 0 | 2 | _aNarciso Alonso Cortés, maestro y escritor. |
| 852 |
_aES-MaACL _j2095-F-16 |
||
| 999 |
_c136322 _d136322 |
||